Matematika anglicko-nemecko-francúzsko-slovenský slovník
Gespeichert in:
| Format: | Buch |
|---|---|
| Sprache: | Englisch Deutsch Französisch Slowakisch |
| Veröffentlicht: |
Bratislava
Alfa
1982
|
| Tags: |
Keine Tags, Fügen Sie das erste Tag hinzu!
|
MARC
| LEADER | 00000nam a2200000 4500 | ||
|---|---|---|---|
| 001 | c111681 | ||
| 005 | 20041019155150.5 | ||
| 041 | 0 | |a eng | |
| 041 | 0 | |a ger | |
| 041 | 0 | |a fre | |
| 041 | 0 | |a slo | |
| 044 | |a SK | ||
| 245 | 1 | 0 | |a Matematika |b anglicko-nemecko-francúzsko-slovenský slovník |
| 264 | 1 | |a Bratislava |b Alfa |c 1982 | |
| 300 | |a 923 s. | ||